ECOOP 2014 – Object-Oriented Programming 28th European Conference, Uppsala, Sweden, July 28 – August 1, 2014. Proceedings /

This book constitutes the proceedings of the 28th European Conference on Object-Oriented Programming, ECOOP 2014, held in Uppsala, Sweden, in July/August 2014. The 27 papers presented in this volume were carefully reviewed and selected from 101 submissions. They are organized in topical sections nam...

Full description

Bibliographic Details
Corporate Author: SpringerLink (Online service)
Other Authors: Jones, Richard (Editor)
Format: Electronic eBook
Language:English
Published: Berlin, Heidelberg : Springer Berlin Heidelberg : Imprint: Springer, 2014.
Series:Lecture Notes in Computer Science, 8586
Subjects:
Online Access:Full Text via HEAL-Link
LEADER 04250nam a22005655i 4500
001 978-3-662-44202-9
003 DE-He213
005 20151103130322.0
007 cr nn 008mamaa
008 140717s2014 gw | s |||| 0|eng d
020 |a 9783662442029  |9 978-3-662-44202-9 
024 7 |a 10.1007/978-3-662-44202-9  |2 doi 
040 |d GrThAP 
050 4 |a QA76.6-76.66 
072 7 |a UM  |2 bicssc 
072 7 |a COM051000  |2 bisacsh 
082 0 4 |a 005.11  |2 23 
245 1 0 |a ECOOP 2014 – Object-Oriented Programming  |h [electronic resource] :  |b 28th European Conference, Uppsala, Sweden, July 28 – August 1, 2014. Proceedings /  |c edited by Richard Jones. 
264 1 |a Berlin, Heidelberg :  |b Springer Berlin Heidelberg :  |b Imprint: Springer,  |c 2014. 
300 |a XXVI, 698 p. 195 illus.  |b online resource. 
336 |a text  |b txt  |2 rdacontent 
337 |a computer  |b c  |2 rdamedia 
338 |a online resource  |b cr  |2 rdacarrier 
347 |a text file  |b PDF  |2 rda 
490 1 |a Lecture Notes in Computer Science,  |x 0302-9743 ;  |v 8586 
505 0 |a State-Sensitive Points-to Analysis for the Dynamic Behavior of JavaScript -- Self-inferencing Reflection Resolution for Java -- Constructing Call Graphs of Scala Programs -- Finding Reference-Counting Errors in Python/C Programs with Affine Analysis -- Safely Composable Type-Specific Languages -- Graceful Dialects -- Structuring Documentation to Support State Search: A Laboratory Experiment about Protocol Programming -- Reusable Concurrent Data Types -- TaDA: A Logic for Time and Data Abstraction -- Infrastructure-Free Logging and Replay of Concurrent Execution on Multiple Cores -- Understanding TypeScript -- Sound and Complete Subtyping between Coinductive Types for Object-Oriented Languages -- Spores: A Type-Based Foundation for Closures in the Age of Concurrency and Distribution -- Rely-Guarantee Protocols -- Stream Processing with a Spreadsheet -- Implicit Staging of EDSL Expressions: A Bridge between Shallow and Deep Embedding -- Babelsberg/JS: A Browser-Based Implementation of an Object Constraint Language -- Automated Multi-Language Artifact Binding and Rename Refactoring between Java and DSLs Used by Java Frameworks -- Retargetting Legacy Browser Extensions to Modern Extension Frameworks -- Capture-Avoiding and Hygienic Program Transformations -- Converting Parallel Code from Low-Level Abstractions to Higher-Level Abstractions -- Portable and Efficient Run-Time Monitoring of JavaScript Applications Using Virtual Machine Layering -- An Executable Formal Semantics of PHP -- Identifying Mandatory Code for Framework Use via a Single Application Trace -- Cooperative Scheduling of Parallel Tasks with General Synchronization Patterns -- MiCA: A Compositional Architecture for Gossip Protocols -- Semantics of Resilient) X10. 
520 |a This book constitutes the proceedings of the 28th European Conference on Object-Oriented Programming, ECOOP 2014, held in Uppsala, Sweden, in July/August 2014. The 27 papers presented in this volume were carefully reviewed and selected from 101 submissions. They are organized in topical sections named: analysis; design; concurrency; types; implementation; refactoring; JavaScript, PHP and frameworks; and parallelism. 
650 0 |a Computer science. 
650 0 |a Computer communication systems. 
650 0 |a Computer programming. 
650 0 |a Software engineering. 
650 0 |a Programming languages (Electronic computers). 
650 0 |a Computer logic. 
650 0 |a Mathematical logic. 
650 1 4 |a Computer Science. 
650 2 4 |a Programming Techniques. 
650 2 4 |a Software Engineering. 
650 2 4 |a Programming Languages, Compilers, Interpreters. 
650 2 4 |a Logics and Meanings of Programs. 
650 2 4 |a Mathematical Logic and Formal Languages. 
650 2 4 |a Computer Communication Networks. 
700 1 |a Jones, Richard.  |e editor. 
710 2 |a SpringerLink (Online service) 
773 0 |t Springer eBooks 
776 0 8 |i Printed edition:  |z 9783662442012 
830 0 |a Lecture Notes in Computer Science,  |x 0302-9743 ;  |v 8586 
856 4 0 |u http://dx.doi.org/10.1007/978-3-662-44202-9  |z Full Text via HEAL-Link 
912 |a ZDB-2-SCS 
912 |a ZDB-2-LNC 
950 |a Computer Science (Springer-11645)